Estatísticas para Quiz do Senegal

Clique aqui para jogar o quiz

Estatísticas Gerais

  • Esse quiz foi jogado 326 vezes
  • A pontuação média é 11 de 18

Estatísticas das Respostas

DicaResposta% Correto
Países fazendo fronteira com o SenegalGuiné
86%
CapitalDakar
85%
Língua oficialFrancês
85%
Países fazendo fronteira com o SenegalMauritânia
85%
Países fazendo fronteira com o SenegalGâmbia
84%
Religião mais comumIslã
84%
Países fazendo fronteira com o SenegalMali
83%
Países fazendo fronteira com o SenegalGuiné-Bissau
79%
Animal nacionalLeão
63%
Jogador de futebol que foi o artilheiro da Premier League 2018-19 no LiverpoolSadio Mané
63%
Capital colonial do Senegal (dica: também é um nome de uma cidade no Maranhão)São Luís
62%
Cabo mais ocidental da ÁfricaCabo {Verde}
60%
A ilha de Goreia foi supostamente um centro do comércio transatlântico de ...Escravos
54%
Tipo de animal que matou 25 pescadores em um período de dez anos no rio SenegalHipopótamo
46%
Zona semiárida do deserto do Saara que cobre grande parte do SenegalSahel
41%
Maior grupo étnicoUolofes
23%
Segunda maior cidadeTouba
22%
Planta que conta por 3% das exportações do SenegalAmendoim
17%

Distribuição das Pontuações

Percentil de Números Respondidos

Porcentagem de Pessoas com Cada Pontuação

Sua Pontuação Histórica

Você não jogou esse quiz